Estadísticas para Prueba de Bolivia

Haz click aquí para tomar la prueba!

Estadísticas generales

  • Esta prueba ha sido tomada 316 veces
  • La puntuación promedio es 14 de 19

Estadísticas de respuestas

PistaRespuesta% Correcto
Sede del gobiernoLa Paz
99%
La cordillera que atraviesa BoliviaAndes
95%
¿Por quién fue nombrado Bolivia?Simón Bolívar
94%
Capital oficialSucre
92%
Bolivia tiene 37 de estos, incluyendo Quechua y Aymara{Idiomas} oficiales
90%
Gran lago compartido con el PerúTiticaca
88%
Marxista argentino fusilado en Bolivia en 1967Ernesto Guevara
87%
Hoja masticada para contrarrestar los efectos de la alta altitud
y también utilizada para producir drogas ilegales
Coca
84%
Primer presidente indígena de Bolivia, elegido en 2006Evo Morales
81%
El imperio que controlaba el oeste de Bolivia en la época de la conquista españolaInca
81%
Región de la meseta de esa cordillera compartida por Perú y BoliviaAlti{plano}
77%
Bolivia tiene 50-70% de las reservas mundiales de este componente de la bateríaLitio
72%
La guerra en la que Bolivia perdió su costaGuerra del {Pacifico}
68%
Nombre colonial de BoliviaAlto {Perú}
66%
La ciudad más pobladaSanta Cruz
58%
Cultivo básico domesticado en Perú y Bolivia antes del 5000 a.C.Patatas
55%
Bolivia y Paraguay son los únicos países americanos que están ...Sin litoral
53%
La ciudad a una altitud de 4.090 metros, donde se encuentra la veta de plata más rica jamás descubiertaPotosí
49%
Dúo de forajidos americanos muertos en un tiroteo con soldados bolivianos en 1908Butch Cassidy y Sundance Kid
27%

Distribución de puntuación

Porcentaje por número respondido

Porcentaje de gente con cada puntuación

Historial de tus puntuaciones

No has tomado esta prueba